[Event "CZE-chT1W 1213"]
[Site "Czech Republic"]
[Date "2013.01.27"]
[Round "6.2"]
[White "Jirka, Jiri"]
[Black "Chloupek, Stanislav"]
[Result "0-1"]
[WhiteElo "2411"]
[BlackElo "2325"]
[PlyCount "80"]
[EventDate "2012.10.28"]
[EventType "team-tourn"]
[EventRounds "11"]
[EventCountry "CZE"]
[SourceTitle "EXT 2014"]
[Source "ChessBase"]
[SourceDate "2013.11.20"]
[SourceVersion "1"]
[SourceVersionDate "2013.11.20"]
[SourceQuality "1"]
[WhiteTeam "Postovni sporitelna"]
[BlackTeam "Vysehrad"]
[WhiteTeamCountry "CZE"]
[BlackTeamCountry "CZE"]

1. d4 Nf6 2. c4 e6 3. g3 Bb4+ 4. Bd2 Qe7 5. Nf3 Nc6 6. Nc3 d5 7. Bg2 0-0 8. a3 Bxc3 9. Bxc3 a5 10. 0-0 Ne4 11. Qc2 Rd8 12. Rfd1 b6 13. Be1 Bb7 14. Rac1 Nd6 15. cxd5 exd5 16. Nh4 Ne8 17. e4 Nb8 18. Nf5 Qe6 19. e5 g6 20. Ne3 Nd7 21. f4 c5 22. f5 gxf5 23. Nxf5 cxd4 24. Nxd4 Qxe5 25. Bc3 Qe3+ 26. Kh1 Nc5 27. Rf1 Qd3 28. Qf2 Nd6 29. Nf3 Nde4 30. Qg1 Rd6 31. Ne5 Qe2 32. Rce1 Qh5 33. Bf3 d4 34. Nxf7 Rf6 35. Qxd4 Qxf7 36. Kg1 Nxc3 37. Bxb7 Rxf1+ 38. Kg2 Qxb7+ 39. Kxf1 Qh1+ 40. Kf2 Rf8+ 0-1

[Event "CZE-chT1W 1213"]
[Site "Czech Republic"]
[Date "2012.10.28"]
[Round "1.3"]
[White "Voloshin, Leonid"]
[Black "Chloupek, Stanislav"]
[Result "1-0"]
[WhiteElo "2426"]
[BlackElo "2325"]
[PlyCount "91"]
[EventDate "2012.10.28"]
[EventType "team-tourn"]
[EventRounds "11"]
[EventCountry "CZE"]
[SourceTitle "EXT 2013"]
[Source "ChessBase"]
[SourceDate "2012.11.22"]
[SourceVersion "1"]
[SourceVersionDate "2012.11.22"]
[SourceQuality "1"]
[WhiteTeam "Jicin"]
[BlackTeam "Vysehrad"]
[WhiteTeamCountry "CZE"]
[BlackTeamCountry "CZE"]

1. d4 Nf6 2. c4 e6 3. Nf3 Bb4+ 4. Nbd2 b6 5. a3 Bxd2+ 6. Qxd2 Bb7 7. b4 d6 8. Bb2 Nbd7 9. g3 0-0 10. Bg2 Be4 11. 0-0 c6 12. Rfc1 Qe7 13. Bf1 Rfc8 14. Nh4 b5 15. f3 Bg6 16. cxb5 cxb5 17. e4 Rxc1 18. Rxc1 a6 19. Nxg6 hxg6 20. Rc6 d5 21. e5 Ne8 22. Qc2 Qd8 23. a4 bxa4 24. Qxa4 Nb8 25. Rc3 Ra7 26. b5 Qd7 27. Ra3 Rb7 28. bxa6 Qxa4 29. Rxa4 Nxa6 30. Ba3 Nb8 31. Rb4 Rxb4 32. Bxb4 Nc6 33. Bc5 Nc7 34. Kf2 f6 35. f4 Kf7 36. Ke3 Ne7 37. Bd3 Nf5+ 38. Kf3 Ne8 39. g4 Nh6 40. Bb6 Ng8 41. Bd8 f5 42. g5 Ne7 43. Bb5 Nc8 44. Bd7 Ne7 45. Ke3 Ng8 46. Kd3 1-0

[Event "CZE-chT1W 1112"]
[Site "Czech Republic"]
[Date "2012.04.01"]
[Round "11.2"]
[White "Chloupek, Stanislav"]
[Black "Nun, Jiri"]
[Result "1/2-1/2"]
[WhiteElo "2338"]
[BlackElo "2372"]
[PlyCount "20"]
[EventDate "2011.10.02"]
[EventType "team-tourn"]
[EventRounds "11"]
[EventCountry "CZE"]
[SourceTitle "EXT 2013"]
[Source "ChessBase"]
[SourceDate "2012.11.22"]
[SourceVersion "1"]
[SourceVersionDate "2012.11.22"]
[SourceQuality "1"]
[WhiteTeam "Vysehrad"]
[BlackTeam "Hradec Kralove"]
[WhiteTeamCountry "CZE"]
[BlackTeamCountry "CZE"]

1. d4 c5 2. e3 cxd4 3. exd4 d5 4. c3 Nf6 5. Bd3 Nc6 6. Bf4 Bg4 7. Qb3 Qc8 8. Nd2 e6 9. Ngf3 Be7 10. 0-0 Bh5 1/2-1/2

[Event "CZE-chT1W 1112"]
[Site "Czech Republic"]
[Date "2012.01.29"]
[Round "7.2"]
[White "Chloupek, Stanislav"]
[Black "Vokac, Marek"]
[Result "0-1"]
[WhiteElo "2338"]
[BlackElo "2471"]
[PlyCount "100"]
[EventDate "2011.10.02"]
[EventType "team-tourn"]
[EventRounds "11"]
[EventCountry "CZE"]
[SourceTitle "EXT 2013"]
[Source "ChessBase"]
[SourceDate "2012.11.22"]
[SourceVersion "1"]
[SourceVersionDate "2012.11.22"]
[SourceQuality "1"]
[WhiteTeam "Vysehrad"]
[BlackTeam "Praha Mahrla"]
[WhiteTeamCountry "CZE"]
[BlackTeamCountry "CZE"]

1. d4 g6 2. Nf3 Bg7 3. c3 d6 4. e4 Nf6 5. Nbd2 0-0 6. Be2 Nc6 7. 0-0 e5 8. dxe5 dxe5 9. Qc2 Nh5 10. Nc4 Nf4 11. Ne3 Be6 12. Rd1 Qf6 13. Nd5 Bxd5 14. exd5 Ne7 15. c4 Qf5 16. Qxf5 Nxe2+ 17. Kf1 Nxf5 18. Kxe2 e4 19. Ne1 c6 20. dxc6 bxc6 21. Nc2 a5 22. g4 Nh4 23. Nd4 c5 24. Nc6 Rfe8 25. Be3 Re6 26. Nxa5 Bxb2 27. Rab1 Bd4 28. Nb3 Rxa2+ 29. Rd2 Rxd2+ 30. Nxd2 Bxe3 31. Kxe3 Ng2+ 32. Ke2 f5 33. gxf5 gxf5 34. Rb5 Nf4+ 35. Ke3 Nd3 36. Nb3 f4+ 37. Ke2 f3+ 38. Ke3 Nxf2 39. Kxf2 e3+ 40. Kxf3 e2 41. Nxc5 e1Q 42. Nxe6 Qxe6 43. Rg5+ Kf7 44. Rg3 Qxc4 45. Kg2 Qe2+ 46. Kh3 Kf6 47. Rg1 Kf5 48. Rg3 Kf4 49. Rg7 Qe6+ 50. Kg2 Qc6+ 0-1

[Event "CZE-chT1W 0910"]
[Site "Czech Republic"]
[Date "2010.01.24"]
[Round "7.1"]
[White "Chloupek, Stanislav"]
[Black "Jirovsky, Milos"]
[Result "1/2-1/2"]
[WhiteElo "2317"]
[BlackElo "2482"]
[PlyCount "46"]
[EventDate "2009.10.11"]
[EventType "team-tourn"]
[EventRounds "11"]
[EventCountry "CZE"]
[SourceTitle "EXT 2011"]
[Source "ChessBase"]
[SourceDate "2010.11.26"]
[SourceVersion "1"]
[SourceVersionDate "2010.11.26"]
[SourceQuality "1"]
[WhiteTeam "Vysehrad"]
[BlackTeam "Praha Pankrac"]
[WhiteTeamCountry "CZE"]
[BlackTeamCountry "CZE"]

1. d4 d5 2. Nf3 Nf6 3. Bg5 Ne4 4. Bf4 c5 5. e3 Nc6 6. c3 Qb6 7. Qb3 c4 8. Qxb6 axb6 9. Nbd2 Bf5 10. Nxe4 Bxe4 11. Nd2 Bg6 12. a3 e6 13. Be2 Kd7 14. 0-0 b5 15. Bf3 Bd3 16. Rfe1 f5 17. Rac1 Bd6 18. Be2 Bxe2 19. Rxe2 Rae8 20. Bxd6 Kxd6 21. f4 h6 22. Nf3 Rhg8 23. h4 g6 1/2-1/2

[Event "CZE-chT1W 0910"]
[Site "Czech Republic"]
[Date "2009.11.15"]
[Round "3.2"]
[White "Chloupek, Stanislav"]
[Black "Jarabek, Vratislav"]
[Result "1/2-1/2"]
[WhiteElo "2317"]
[BlackElo "2205"]
[PlyCount "139"]
[EventDate "2009.10.11"]
[EventType "team-tourn"]
[EventRounds "11"]
[EventCountry "CZE"]
[SourceTitle "EXT 2011"]
[Source "ChessBase"]
[SourceDate "2010.11.26"]
[SourceVersion "1"]
[SourceVersionDate "2010.11.26"]
[SourceQuality "1"]
[WhiteTeam "Vysehrad"]
[BlackTeam "Chrudim"]
[WhiteTeamCountry "CZE"]
[BlackTeamCountry "CZE"]

1. d4 d5 2. Nf3 Nf6 3. Bg5 c6 4. Nbd2 Bf5 5. c3 h6 6. Bh4 Qb6 7. Qb3 Nbd7 8. e3 e6 9. Be2 Bd6 10. Bg3 Bxg3 11. hxg3 Qxb3 12. axb3 Ke7 13. Ra5 Ne4 14. Nxe4 Bxe4 15. Kd2 a6 16. b4 f6 17. b3 Rac8 18. Raa1 Rhd8 19. Ne1 e5 20. f3 Bg6 21. Nd3 Kf7 22. Nc5 Nxc5 23. bxc5 exd4 24. exd4 Bf5 25. g4 Bg6 26. Rhe1 Rc7 27. f4 Be4 28. Bf3 Bxf3 29. gxf3 Rdd7 30. f5 Re7 31. Rxe7+ Rxe7 32. Kd3 Ke8 33. c4 Kd7 34. Kd2 Kc8 35. cxd5 cxd5 36. Ra5 Kc7 37. Ra4 Kc8 38. Rb4 Rc7 39. Ra4 Kd7 40. Kd3 Kc8 41. Ra5 Re7 42. b4 Re1 43. b5 axb5 44. Ra8+ Kc7 45. Rg8 Rd1+ 46. Kc3 Kc6 47. Rc8+ Kd7 48. Rg8 Kc6 49. Rxg7 b4+ 50. Kxb4 Rxd4+ 51. Kc3 Rf4 52. Rg6 Kxc5 53. Rxf6 Rxf3+ 54. Kd2 Rg3 55. Rg6 Kd4 56. Ke2 Re3+ 57. Kf2 Re8 58. Rxh6 Ke5 59. Rb6 Kf4 60. Rb4+ Kg5 61. Kf3 Rc8 62. Ke3 Rc4 63. Rxb7 Kxg4 64. f6 Kg5 65. f7 Rc8 66. Re7 Rf8 67. Kd4 Kf6 68. Ra7 Rxf7 69. Rxf7+ Kxf7 70. Kxd5 1/2-1/2

[Event "CZE-chT1W 0910"]
[Site "Czech Republic"]
[Date "2009.11.01"]
[Round "2.2"]
[White "Cernousek, Lukas"]
[Black "Chloupek, Stanislav"]
[Result "0-1"]
[WhiteElo "2417"]
[BlackElo "2317"]
[PlyCount "80"]
[EventDate "2009.10.11"]
[EventType "team-tourn"]
[EventRounds "11"]
[EventCountry "CZE"]
[SourceTitle "EXT 2011"]
[Source "ChessBase"]
[SourceDate "2010.11.26"]
[SourceVersion "1"]
[SourceVersionDate "2010.11.26"]
[SourceQuality "1"]
[WhiteTeam "Postovni sporitelna"]
[BlackTeam "Vysehrad"]
[WhiteTeamCountry "CZE"]
[BlackTeamCountry "CZE"]

1. e4 c5 2. Nf3 e6 3. d4 cxd4 4. Nxd4 Nc6 5. Nc3 Qc7 6. Be3 a6 7. Qd2 Nf6 8. 0-0-0 Bb4 9. f3 Ne7 10. Nb3 d5 11. Kb1 Bxc3 12. bxc3 0-0 13. e5 Nd7 14. f4 a5 15. Nd4 Nc5 16. Nb5 Qc6 17. Bxc5 Qxc5 18. Qd4 b6 19. Qxc5 bxc5 20. Kb2 Bd7 21. Ka3 Rfb8 22. Nc7 Ra7 23. Na6 Rc8 24. Rb1 c4 25. Rb6 g5 26. fxg5 Rc6 27. Rxc6 Nxc6 28. Nc5 Nxe5 29. Be2 Rc7 30. Nxd7 Nxd7 31. Rb1 Nc5 32. Rb5 Nb7 33. Ka4 Kf8 34. Rb6 Ke7 35. Kb5 Rc5+ 36. Ka6 Nd6 37. Rb8 a4 38. Bf3 Kd7 39. h4 Kc7 40. Rh8 Nb7 0-1

[Event "CZE-chT1W 0809"]
[Site "Czech Republic"]
[Date "2009.02.15"]
[Round "8.2"]
[White "Pribyl, Josef"]
[Black "Chloupek, Stanislav"]
[Result "1/2-1/2"]
[WhiteElo "2343"]
[BlackElo "2341"]
[PlyCount "51"]
[EventDate "2008.10.19"]
[EventType "team-tourn"]
[EventRounds "11"]
[EventCountry "CZE"]
[SourceTitle "EXT 2010"]
[Source "ChessBase"]
[SourceDate "2010.11.25"]
[SourceVersion "1"]
[SourceVersionDate "2010.11.25"]
[SourceQuality "1"]
[WhiteTeam "Praha Holdia"]
[BlackTeam "Vysehrad"]
[WhiteTeamCountry "CZE"]
[BlackTeamCountry "CZE"]

1. e4 c5 2. Nc3 Nc6 3. Bb5 d6 4. Nf3 e5 5. d3 g6 6. Bg5 f6 7. Be3 Bg7 8. Bc4 Nge7 9. h3 a6 10. a4 Nd4 11. Nd5 Nxd5 12. Bxd5 Nxf3+ 13. Qxf3 Qe7 14. h4 Be6 15. Bxe6 Qxe6 16. h5 Rc8 17. c4 Rc7 18. g4 a5 19. Ke2 g5 20. Ra3 b6 21. Rb3 Rc6 22. Bd2 Kd7 23. Rb5 Ra8 24. Qg2 h6 25. Ra1 Bf8 26. Qf3 1/2-1/2

[Event "CZE-chT1W 0809"]
[Site "Czech Republic"]
[Date "2009.01.18"]
[Round "6.1"]
[White "Chloupek, Stanislav"]
[Black "Michalek, Jan"]
[Result "0-1"]
[WhiteElo "2341"]
[BlackElo "2320"]
[PlyCount "112"]
[EventDate "2008.10.19"]
[EventType "team-tourn"]
[EventRounds "11"]
[EventCountry "CZE"]
[SourceTitle "EXT 2010"]
[Source "ChessBase"]
[SourceDate "2010.11.25"]
[SourceVersion "1"]
[SourceVersionDate "2010.11.25"]
[SourceQuality "1"]
[WhiteTeam "Vysehrad"]
[BlackTeam "Plzen Letna"]
[WhiteTeamCountry "CZE"]
[BlackTeamCountry "CZE"]

1. d4 Nf6 2. Nf3 d6 3. Bg5 Nbd7 4. Nbd2 e5 5. dxe5 dxe5 6. e4 Bc5 7. Bc4 0-0 8. 0-0 c6 9. c3 a5 10. a4 h6 11. Bh4 Qe7 12. Bg3 Nh5 13. Nh4 Nxg3 14. hxg3 Qg5 15. Nf5 Nb6 16. Bd3 Rd8 17. Nb3 Bf8 18. Qc2 Be6 19. Rfd1 Nd7 20. Ne3 Nc5 21. Bc4 Bxc4 22. Nxc4 Nxb3 23. Qxb3 Bc5 24. Rxd8+ Rxd8 25. Qxb7 Qxg3 26. Rf1 Bxf2+ 27. Rxf2 Rd1+ 28. Rf1 Rxf1+ 29. Kxf1 Qd3+ 30. Kg1 Qxc4 31. Qa8+ Kh7 32. Qxa5 Qxe4 33. Qc5 Qxa4 34. Qxe5 g6 35. b4 Qd1+ 36. Kh2 Qf1 37. Qc5 Qb5 38. Qd4 h5 39. Kg1 Qf5 40. Kh2 g5 41. c4 g4 42. Kg3 Qg5 43. Qd3+ Kg8 44. b5 h4+ 45. Kf2 Qc5+ 46. Ke2 cxb5 47. cxb5 Qe5+ 48. Kd2 Qf6 49. Qe2 Qg5+ 50. Kc3 h3 51. gxh3 gxh3 52. b6 Qf6+ 53. Kd2 Qxb6 54. Qg4+ Kh7 55. Kd1 Qd6+ 56. Ke1 Qe6+ 0-1

[Event "CZE-chT1W 0708"]
[Site "Czech Republic"]
[Date "2008.02.10"]
[Round "7.1"]
[White "Priborsky, Jan"]
[Black "Chloupek, Stanislav"]
[Result "1/2-1/2"]
[WhiteElo "2359"]
[BlackElo "2334"]
[PlyCount "114"]
[EventDate "2007.10.28"]
[EventType "team"]
[EventRounds "11"]
[EventCountry "CZE"]
[SourceTitle "EXT 2009"]
[Source "ChessBase"]
[SourceDate "2008.11.26"]
[SourceVersion "1"]
[SourceVersionDate "2008.11.26"]
[SourceQuality "1"]
[WhiteTeam "Plzen II"]
[BlackTeam "Vysehrad"]
[WhiteTeamCountry "CZE"]
[BlackTeamCountry "CZE"]

1. e4 b6 2. d4 Bb7 3. Bd3 e6 4. Nf3 c5 5. c3 Nf6 6. Nbd2 Be7 7. 0-0 d5 8. e5 Nfd7 9. Re1 a5 10. dxc5 Nxc5 11. Bc2 Nc6 12. Nf1 h5 13. Ng3 h4 14. Ne2 Rc8 15. Ned4 g5 16. Nxc6 Bxc6 17. Nd4 Bd7 18. f4 Ne4 19. Bxe4 dxe4 20. fxg5 Rg8 21. Rxe4 h3 22. Rg4 Bc6 23. Be3 Bc5 24. Qe2 Qd5 25. Nxc6 Rxc6 26. Bxc5 Qxc5+ 27. Kh1 hxg2+ 28. Rxg2 Rc8 29. Rd1 Ke7 30. Qf3 Rgd8 31. Qf6+ Ke8 32. Qh8+ Ke7 33. Qf6+ Ke8 34. Rf1 Qe7 35. g6 Qxf6 36. exf6 fxg6 37. Rxg6 Kf8 38. h4 Rd7 39. h5 Rc5 40. Rh6 Rdd5 41. Rh8+ Kf7 42. Rh7+ Kf8 43. Rh8+ Kf7 44. Rh7+ Kf8 45. Rf2 Rxh5+ 46. Rh2 Rxh2+ 47. Kxh2 Rf5 48. Rb7 Rf2+ 49. Kg3 Rxb2 50. a4 Rb3 51. Kf4 Rxc3 52. Ke5 Rc4 53. Kxe6 Re4+ 54. Kf5 Rxa4 55. Rxb6 Ra1 56. Rb8+ Kf7 57. Rb7+ Kf8 1/2-1/2

[Event "CZE-chT1W 0708"]
[Site "Czech Republic"]
[Date "2008.01.20"]
[Round "6.1"]
[White "Chloupek, Stanislav"]
[Black "Tuma, Jiri"]
[Result "1/2-1/2"]
[WhiteElo "2334"]
[BlackElo "2298"]
[PlyCount "63"]
[EventDate "2007.10.28"]
[EventType "team"]
[EventRounds "11"]
[EventCountry "CZE"]
[SourceTitle "EXT 2009"]
[Source "ChessBase"]
[SourceDate "2008.11.26"]
[SourceVersion "1"]
[SourceVersionDate "2008.11.26"]
[SourceQuality "1"]
[WhiteTeam "Vysehrad"]
[BlackTeam "Chrudim"]
[WhiteTeamCountry "CZE"]
[BlackTeamCountry "CZE"]

1. d4 d5 2. Nf3 Nf6 3. Bg5 Ne4 4. Bf4 c5 5. e3 Qb6 6. Qc1 Nc6 7. c3 g6 8. Nbd2 Bg7 9. Be2 cxd4 10. exd4 0-0 11. 0-0 Bf5 12. Nxe4 dxe4 13. Nd2 e5 14. Nc4 Qb5 15. a4 Qd5 16. dxe5 Nxe5 17. Bxe5 Bxe5 18. Rd1 Qc5 19. Nxe5 Qxe5 20. Qg5 Kg7 21. Rd4 Rfe8 22. Qe3 Rad8 23. Rad1 Rxd4 24. Rxd4 b6 25. h4 h6 26. Rd2 Bc8 27. Bb5 Re7 28. Rd8 Bb7 29. Be2 Bc6 30. Qd4 Qxd4 31. Rxd4 Rd7 32. Rxd7 1/2-1/2

[Event "CZE-chT1W 0708"]
[Site "Czech Republic"]
[Date "2007.11.11"]
[Round "2.1"]
[White "Nun, Jiri"]
[Black "Chloupek, Stanislav"]
[Result "1/2-1/2"]
[WhiteElo "2385"]
[BlackElo "2334"]
[PlyCount "32"]
[EventDate "2007.10.28"]
[EventType "team"]
[EventRounds "11"]
[EventCountry "CZE"]
[SourceTitle "EXT 2009"]
[Source "ChessBase"]
[SourceDate "2008.11.26"]
[SourceVersion "1"]
[SourceVersionDate "2008.11.26"]
[SourceQuality "1"]
[WhiteTeam "Hradec Kralove"]
[BlackTeam "Vysehrad"]
[WhiteTeamCountry "CZE"]
[BlackTeamCountry "CZE"]

1. e4 c5 2. Nf3 e6 3. b3 Nc6 4. Bb5 Nf6 5. Bxc6 bxc6 6. e5 Nd5 7. 0-0 Be7 8. c4 Nb4 9. d3 d5 10. a3 Na6 11. Nc3 0-0 12. Qe2 Nb8 13. Rb1 Nd7 14. Na4 Nb6 15. Nxb6 axb6 16. Nd2 b5 1/2-1/2

[Event "CZE-chT1W 0607"]
[Site "Czech Republic"]
[Date "2007.03.18"]
[Round "10.1"]
[White "Priborsky, Ivo"]
[Black "Chloupek, Stanislav"]
[Result "1-0"]
[WhiteElo "2356"]
[BlackElo "2336"]
[PlyCount "111"]
[EventDate "2006.10.29"]
[EventType "team"]
[EventRounds "11"]
[EventCountry "CZE"]
[SourceTitle "EXT 2009"]
[Source "ChessBase"]
[SourceDate "2008.11.26"]
[SourceVersion "1"]
[SourceVersionDate "2008.11.26"]
[SourceQuality "1"]
[WhiteTeam "Plzen II"]
[BlackTeam "Vysehrad II"]
[WhiteTeamCountry "CZE"]
[BlackTeamCountry "CZE"]

1. e4 c5 2. Nf3 e6 3. d4 cxd4 4. Nxd4 Nc6 5. Nc3 Nf6 6. Ndb5 Bb4 7. a3 Bxc3+ 8. Nxc3 d5 9. exd5 exd5 10. Bd3 0-0 11. 0-0 d4 12. Ne4 Bf5 13. Bg5 Bxe4 14. Bxe4 Qd6 15. Bxf6 Qxf6 16. Re1 Rad8 17. Qf3 Qxf3 18. Bxf3 a5 19. Rad1 Rd6 20. Kf1 g6 21. Rd3 Rfd8 22. Rb3 R8d7 23. Re8+ Kg7 24. Be4 Rc7 25. Rb5 Kf6 26. Bd3 Re6 27. Rxe6+ Kxe6 28. Ke2 Kd6 29. Kd2 Re7 30. Be2 Kc7 31. Rd5 Re6 32. Bb5 Rd6 33. Bxc6 bxc6 34. Rxa5 Kb6 35. Ra8 Rf6 36. f3 Re6 37. Rd8 c5 38. Rd7 Rf6 39. Kd3 Kc6 40. Re7 Kd6 41. Ra7 Kd5 42. b3 g5 43. Ra5 g4 44. fxg4 Rf2 45. b4 Rxg2 46. Rxc5+ Kd6 47. Rc4 Rxh2 48. Rxd4+ Ke5 49. Re4+ Kd6 50. a4 Rh3+ 51. Kc4 h5 52. gxh5 Rxh5 53. Rd4+ Kc7 54. b5 Rh2 55. c3 Ra2 56. Kc5 1-0

[Event "CZE-chT1W 0607"]
[Site "Czech Republic"]
[Date "2007.02.18"]
[Round "8.1"]
[White "Orsag, Milan"]
[Black "Chloupek, Stanislav"]
[Result "1/2-1/2"]
[WhiteElo "2423"]
[BlackElo "2336"]
[PlyCount "103"]
[EventDate "2006.10.29"]
[EventType "team"]
[EventRounds "11"]
[EventCountry "CZE"]
[SourceTitle "EXT 2009"]
[Source "ChessBase"]
[SourceDate "2008.11.26"]
[SourceVersion "1"]
[SourceVersionDate "2008.11.26"]
[SourceQuality "1"]
[WhiteTeam "Praha Dukla"]
[BlackTeam "Vysehrad II"]
[WhiteTeamCountry "CZE"]
[BlackTeamCountry "CZE"]

1. d4 Nf6 2. Nf3 e6 3. c4 Bb4+ 4. Bd2 Qe7 5. g3 Nc6 6. Nc3 Bxc3 7. Bxc3 Ne4 8. Rc1 Nxc3 9. Rxc3 d6 10. d5 Nb8 11. dxe6 fxe6 12. Bg2 0-0 13. Nd4 e5 14. Nc2 c6 15. e4 Be6 16. 0-0 c5 17. f4 Nc6 18. f5 Bf7 19. h4 Nd4 20. Ne3 b5 21. cxb5 a6 22. bxa6 Rxa6 23. a3 Rb6 24. b4 cxb4 25. axb4 Rxb4 26. Rf2 Kh8 27. Kh2 Bg8 28. Qc1 Qa7 29. Rc7 Rb7 30. Rxb7 Qxb7 31. Ng4 Qa7 32. Qg5 Qc7 33. h5 Qd8 34. f6 gxf6 35. Nxf6 Ne6 36. Qh6 Qe7 37. Nxg8 Kxg8 38. Rxf8+ Nxf8 39. Bh3 Qc7 40. Bf5 Qc2+ 41. Kh3 Qd1 42. Be6+ Nxe6 43. Qxe6+ Kf8 44. Qf5+ Kg7 45. Qg4+ Qxg4+ 46. Kxg4 Kf6 47. Kh4 Ke6 48. g4 d5 49. exd5+ Kxd5 50. g5 Ke6 51. Kg4 e4 52. Kf4 1/2-1/2

[Event "CZE-chT1W 0607"]
[Site "Czech Republic"]
[Date "2006.11.12"]
[Round "2.1"]
[White "Chloupek, Stanislav"]
[Black "Kubecka, David"]
[Result "1/2-1/2"]
[WhiteElo "2336"]
[BlackElo "2265"]
[PlyCount "54"]
[EventDate "2006.10.29"]
[EventType "team"]
[EventRounds "11"]
[EventCountry "CZE"]
[SourceTitle "EXT 2009"]
[Source "ChessBase"]
[SourceDate "2008.11.26"]
[SourceVersion "1"]
[SourceVersionDate "2008.11.26"]
[SourceQuality "1"]
[WhiteTeam "Vysehrad II"]
[BlackTeam "Vrsovice"]
[WhiteTeamCountry "CZE"]
[BlackTeamCountry "CZE"]

1. Nf3 Nf6 2. d4 g6 3. Bg5 Bg7 4. Nbd2 0-0 5. c3 d5 6. e3 b6 7. Bd3 Bb7 8. 0-0 Ne4 9. Bf4 c5 10. Qc2 Nxd2 11. Qxd2 Nd7 12. Qe2 a6 13. b4 f6 14. e4 cxb4 15. cxb4 e5 16. dxe5 Nxe5 17. Rad1 Nxf3+ 18. Qxf3 Qe7 19. exd5 Qxb4 20. Qe4 Qxe4 21. Bxe4 b5 22. Bf3 Rfd8 23. Rfe1 Rd7 24. d6 Bxf3 25. gxf3 Bf8 26. Rd4 Rad8 27. Rc1 Kf7 1/2-1/2

[Event "CZE-chT 0405"]
[Site "Czech Republic"]
[Date "2005.02.19"]
[Round "6.6"]
[White "Chloupek, Stanislav"]
[Black "Stehno, Pavel"]
[Result "1/2-1/2"]
[WhiteElo "2324"]
[BlackElo "2344"]
[PlyCount "62"]
[EventDate "2004.11.??"]
[EventType "team"]
[EventRounds "11"]
[EventCountry "CZE"]
[SourceTitle "EXT 2006"]
[Source "ChessBase"]
[SourceDate "2005.11.24"]
[SourceVersion "1"]
[SourceVersionDate "2005.11.24"]
[SourceQuality "1"]
[WhiteTeam "Vysehrad"]
[BlackTeam "Pardubice"]
[WhiteTeamCountry "CZE"]
[BlackTeamCountry "CZE"]

1. Nf3 b5 2. d4 Bb7 3. Bg5 g6 4. Nbd2 Nf6 5. e3 a6 6. c4 bxc4 7. Bxc4 d5 8. Bxf6 exf6 9. Be2 Nd7 10. 0-0 Bd6 11. Nb3 c6 12. Rc1 a5 13. Nc5 Nxc5 14. dxc5 Be5 15. Nd4 0-0 16. Qa4 Qd7 17. Rfd1 f5 18. g3 Rfc8 19. Rc3 Ba6 20. Bxa6 Rxa6 21. Rb3 Qa7 22. Rc1 Bf6 23. Rc2 Be7 24. Rb6 Qa8 25. Rxa6 Qxa6 26. b4 f4 27. gxf4 Qd3 28. Rb2 axb4 29. Qxb4 Qd1+ 30. Kg2 Bxc5 31. Qxc5 Qg4+ 1/2-1/2

[Event "CZE-chT 0405"]
[Site "Czech Republic"]
[Date "2004.12.04"]
[Round "3.6"]
[White "Walek, Milan"]
[Black "Chloupek, Stanislav"]
[Result "1/2-1/2"]
[WhiteElo "2386"]
[BlackElo "2324"]
[PlyCount "94"]
[EventDate "2004.11.??"]
[EventType "team"]
[EventRounds "11"]
[EventCountry "CZE"]
[SourceTitle "EXT 2006"]
[Source "ChessBase"]
[SourceDate "2005.11.24"]
[SourceVersion "1"]
[SourceVersionDate "2005.11.24"]
[SourceQuality "1"]
[WhiteTeam "Trinec"]
[BlackTeam "Vysehrad"]
[WhiteTeamCountry "CZE"]
[BlackTeamCountry "CZE"]

1. e4 c5 2. Nf3 e6 3. d4 cxd4 4. Nxd4 Nc6 5. Nc3 Qc7 6. Be3 a6 7. Bd3 Nf6 8. 0-0 b5 9. Nxc6 Qxc6 10. f3 Bb7 11. a4 Bc5 12. Qe2 b4 13. Nb1 0-0 14. Nd2 e5 15. Nb3 Bxe3+ 16. Qxe3 a5 17. Bb5 Qc7 18. Rac1 Ba6 19. c4 bxc3 20. Rxc3 Qa7 21. Qxa7 Rxa7 22. Rc5 d6 23. Rc6 Bxb5 24. axb5 Rb7 25. b6 Rfb8 26. Rfc1 Kf8 27. Rc8+ Rxc8 28. Rxc8+ Ke7 29. Nxa5 Rxb6 30. Rc7+ Ke8 31. Nc4 Ra6 32. b4 d5 33. exd5 Nxd5 34. Rb7 Nf4 35. g3 Nd3 36. b5 Ra1+ 37. Kg2 Ra2+ 38. Kh3 Nf2+ 39. Kh4 Ra4 40. Rc7 e4 41. g4 exf3 42. b6 Kd8 43. Kg3 Nxg4 44. Nd6 Rb4 45. Nb7+ Ke8 46. Nd6+ Kd8 47. Nb7+ Ke8 1/2-1/2

[Event "CZE-chT 0304"]
[Site "Czech Republic"]
[Date "2004.02.08"]
[Round "7"]
[White "Blatny, Pavel"]
[Black "Chloupek, Stanislav"]
[Result "1-0"]
[WhiteElo "2452"]
[BlackElo "2371"]
[PlyCount "76"]
[EventDate "2003.11.08"]
[EventType "team-tourn"]
[EventRounds "11"]
[EventCountry "CZE"]
[SourceTitle "EXT 2019"]
[Source "ChessBase"]
[SourceDate "2018.10.10"]
[SourceVersion "1"]
[SourceVersionDate "2018.10.10"]
[SourceQuality "1"]
[WhiteTeam "Brno Lokomotiva"]
[BlackTeam "Vysehrad SK Sokol"]
[WhiteTeamCountry "CZE"]
[BlackTeamCountry "CZE"]

1. e3 d5 2. b3 Nf6 3. Bb2 g6 4. f4 Bg7 5. Be2 c5 6. Nf3 Nc6 7. Ne5 Bd7 8. 0-0 0-0 9. Bf3 Rc8 10. Nc3 Be8 11. Ne2 e6 12. g4 Nxe5 13. Bxe5 Bb5 14. g5 Bxe2 15. Qxe2 Ne4 16. Bxg7 Kxg7 17. c4 Qa5 18. Rfd1 b6 19. a3 f6 20. Bxe4 dxe4 21. gxf6+ Rxf6 22. Qg2 Rd8 23. Qxe4 Kh6 24. Ra2 Rdf8 25. Kh1 b5 26. Rg1 bxc4 27. bxc4 Qa4 28. Rb2 Qxa3 29. Rb7 Qa6 30. Rg3 Qa1+ 31. Kg2 R6f7 32. Rb1 Qf6 33. Rb3 Rd8 34. d3 Qf5 35. Rg5 Qxe4+ 36. dxe4 Rd2+ 37. Kf3 Rxh2 38. Rxc5 Rd7 1-0

[Event "CZE-chT 0304"]
[Site "Czech Republic"]
[Date "2003.11.08"]
[Round "1"]
[White "Chloupek, Stanislav"]
[Black "Sikora Lerch, Jan"]
[Result "1/2-1/2"]
[WhiteElo "2350"]
[BlackElo "2346"]
[PlyCount "28"]
[EventDate "2003.11.08"]
[EventType "team-tourn"]
[EventRounds "11"]
[EventCountry "CZE"]
[SourceTitle "EXT 2019"]
[Source "ChessBase"]
[SourceDate "2018.10.10"]
[SourceVersion "1"]
[SourceVersionDate "2018.10.10"]
[SourceQuality "1"]
[WhiteTeam "Vysehrad SK Sokol"]
[BlackTeam "Trinec"]
[WhiteTeamCountry "CZE"]
[BlackTeamCountry "CZE"]

1. d4 Nf6 2. Nf3 c5 3. e3 g6 4. Be2 Bg7 5. 0-0 0-0 6. Nbd2 b6 7. b3 Bb7 8. Bb2 e6 9. c4 cxd4 10. Nxd4 Nc6 11. Nxc6 dxc6 12. Qc2 Qe7 13. Rfd1 Rfd8 14. Nf3 c5 1/2-1/2